Barcelona x Real Madrid Dream Team - Starting XI & Subs - Statistics

General Stats
  • This quiz has been taken 19 times
  • The average score is 14 of 17
Answer Stats
Position Nationality Player % Correct
ST: Portugal Cristiano Ronaldo
100%
Sub 3: Wales (UK) Gareth Bale
100%
GK: Spain Iker Casillas
100%
Sub 4: Croatia Luka Modric
100%
CM: Spain Andres Iniesta
94%
RW: Argentina Lionel Messi
94%
CB: Spain Sergio Ramos
94%
Sub 1: Spain Xavi
94%
CB: Spain Carles Puyol
88%
RB: Brazil Dani Alves
88%
LB: Brazil Roberto Carlos
88%
CDM: Spain Sergio Busquets
88%
Sub 5: Brazil Marcelo
76%
LW: Brazil Ronaldinho
76%
CM: France Zinedine Zidane
76%
Coach: Spain Pep Guardiola
65%
Sub 2: Brazil Ronaldo Nazario
24%
No matching quizzes found
Score Distribution
Percent of People with Each Score
Percentile by Number Answered
Your Score History
You have not taken this quiz